| 000 | 00994 a2200217 4500 | ||
|---|---|---|---|
| 003 | Nust | ||
| 005 | 20220803172447.0 | ||
| 010 | _a 97039324 | ||
| 020 | _a0849324890 (alk. paper) | ||
| 040 | _cNust | ||
| 082 | 0 | 0 | _a621.3692,INF |
| 245 | 0 | 0 |
_aInfrared fiber optics / _cedited by Jasbinder S. Sanghera, Ishwar D. Aggarwal. |
| 260 |
_aBoca Raton, Fla : _bCRC Press, _c1998. |
||
| 300 |
_a347 p. : _bill. ; _c25 cm. |
||
| 505 | _aOptical Transmission Theory (Page-1), Silica Glass-Based Fibers (Page-31), Fluoride Glass Based Fibers (Page-75), Chalcogenide Glass Based Fibers (Page-143), Single Crystal Fibers (Page-185), Polycrystalline Fibers (Page-209), Hollow Fibers (Page-251), Applications Of IR Transmitting Fibers (Page-305). | ||
| 650 | 0 | _aTelecommunication Engineering. | |
| 700 | 1 |
_aAggarwal, Ishwar D., _d1945- _996489 |
|
| 700 | 1 |
_aSanghera, J. S. _996490 |
|
| 856 | 4 | 2 |
_3Publisher description _uhttp://www.loc.gov/catdir/enhancements/fy0646/97039324-d.html |
| 942 |
_cREF _2ddc |
||
| 999 |
_c175622 _d175622 |
||